000 00695nam a22002177a 4500
005 20240530110955.0
008 221204s2009 au a f b 000 0 eng d
017 _a2008/6/2139
040 _aEG-CaGPL
_cEG-CaGPL
082 0 4 _221
_a621.31
_bر د
100 0 _aرعد حمدان ظاهر
245 1 0 _aالدارات الكهربائية /
_cتاليف رعد حمدان ظاهر
250 _aط.1
260 _aعمان :
_bدار المسيرة للنشر والتوزيع،
_c2009
300 _a703 ص. ؛
_c24 سم.
650 0 7 _aالكهرباء
650 0 7 _aالهندسة الكهربية
651 _2qrmak
942 _2ddc
_cBK
999 _c67069
_d67069